Marvel Heroes from the 1930's & 1940's by Picture - Statistics

General Stats
  • This quiz has been taken 21 times
  • The average score is 15 of 60
Answer Stats
Picture Answer % Correct
Namor the Sub-Mariner
100%
Captain America
95%
Human Torch (Jim Hammond)
89%
Bucky Barnes
84%
Whizzer
74%
Miss America
68%
Ka-Zar (David Rand)
63%
Namora
58%
Makkari (Mercury / Hurricane)
47%
Patsy Walker
47%
Vision (Aarkus)
42%
Blazing Skull
37%
Kid Colt
37%
Toro
37%
Electro
32%
Blonde Phantom
26%
Citizen V
26%
Patriot
26%
Silver Scorpion
26%
the Angel (Thomas Halloway)
26%
Blue Diamond
21%
Miss Patriot
21%
Phantom Reporter
21%
Thin Man
21%
Arizona Annie
16%
Black Marvel
16%
Destroyer
16%
Jack Frost
16%
Phantom Bullet
16%
Red Raven
16%
Sun Girl
16%
Zara of the Jungle
16%
American Ace
11%
Black Rider
11%
Blue Blade
11%
Blue Blaze
11%
Breeze Barton
11%
Captain Terror
11%
Captain Wonder
11%
Challenger
11%
Defender
11%
Dynamic Man
11%
Fiery Mask
11%
Fin
11%
Flexo
11%
Golden Girl
11%
Invisible Man
11%
John Steele
11%
Laughing Mask
11%
Masked Raider
11%
Mastermind Excello
11%
Miss Fury
11%
Mister E
11%
Rockman
11%
Spirit of '76
11%
Taxi Taylor
11%
The Ferret
11%
Thunderer
11%
Witness
11%
Young Avenger
11%
No matching quizzes found
Score Distribution
Percent of People with Each Score
Percentile by Number Answered
Your Score History
You have not taken this quiz